000 01280nam a2200373 i 4500
001 000024716
003 DO-SdBNP
005 20260226084200.0
007 ta
008 110127s1995 sp r 000 | spa d
020 _a8401520185
040 _aDO-SdBNP
_bspa
_cBNPHU
_erda
041 _aspa
082 4 _a128.46
_bB976a
_222
100 1 _aBuscaglia, Leo F.,
_eautor
_4aut.
_950705
240 1 0 _aLove. Personhood.
_lEspañol
245 1 0 _aAmor. Ser persona /
_cLeo F. Buscaglia ; traducción, Montserrat Solanas y Lorenzo Cortina ; prólogo, Joan Corbella.
264 1 _aBarcelona, (España) :
_bPlaza & Janés Editores,
_c1995.
300 _a333 páginas ;
_c20 cm.
336 _atexto
_btxt
_2rdacontent
337 _asin mediación
_bn
_2rdamedia
338 _avolumen
_bnc
_2rdacarrier
490 1 _aDinámica.
504 _aBibliografía : páginas 227-333
534 _aTítulo original :
_tLove. Personhood
650 4 _aAmor
_91688
650 4 _aCortejo amoroso
_98267
650 7 _aConducta de vida
_2LIBRUNAM
_911947
650 4 _aDesarrollo de la personalidad
_91190
700 1 _aSolanas, Montserrat,
_etraductor
_4tr.
_950706
700 1 _aCortina, Lorenzo,
_etraductor
_4tr.
_950707
700 1 _aJoan Corbella,
_eprologuista
_4pr.
_950708
942 _2ddc
_cMTLS
999 _c24209
_d24209